Analysis of Effect of Supreme Court's Cotton Dust Decision on Executive Order 12291 and S. 1080.

Analyzes 1981 Supreme Court decision in American Textile Manufacturers Institute v. Donovan, concerning an OSHA standard to protect workers in industry from exposure to cotton dust. Considers impact of the ruling on Executive Order 12291 and S. 1080, the Regulatory Reform Act of 1981.

Bibliographic Details
Corporate Authors: Library of Congress. Congressional Research Service, ProQuest (Firm)
Format: eBook
Language:English
Published: [Place of publication not identified] : [publisher not identified], 1981.
Series:U.S. Congressional Research.
Subjects:
Online Access:Connect to the full text of this electronic book

MARC

Tag First Indicator Second Indicator Subfields
LEADER 00000cam a22000001a 4500
001 in00003373521
006 m d f
007 cr bn mmmapmmp
008 100612s1981 dcu o f000 0 eng d
005 20260430210648.2
035 |a cis2007877777 
040 |a ProQuest  |c ProQuest  |d UtOrBLW 
043 |a n-us--- 
099 |a CRS-1981-AML-0036 
110 2 |a Library of Congress.  |b Congressional Research Service. 
245 1 0 |a Analysis of Effect of Supreme Court's Cotton Dust Decision on Executive Order 12291 and S. 1080. 
264 1 |a [Place of publication not identified] :  |b [publisher not identified],  |c 1981. 
300 |a 1 online resource. 
336 |a text  |b txt  |2 rdacontent 
337 |a computer  |b c  |2 rdamedia 
338 |a online resource  |b cr  |2 rdacarrier 
500 |a Record is based on bibliographic data in ProQuest U.S. Congressional Research Digital Collection (last viewed June 2010). Reuse except for individual research requires license from ProQuest, LLC. 
500 |a CRS Report. 
520 |a Analyzes 1981 Supreme Court decision in American Textile Manufacturers Institute v. Donovan, concerning an OSHA standard to protect workers in industry from exposure to cotton dust. Considers impact of the ruling on Executive Order 12291 and S. 1080, the Regulatory Reform Act of 1981. 
500 |a Electronic resource. 
650 0 |a Cotton. 
650 0 |a Executive orders. 
650 0 |a Labor. 
655 7 |a Electronic books.  |2 local 
710 2 |a ProQuest (Firm) 
776 0 8 |i Microfiche version:   |a Library of Congress. Congressional Research Service.  |t Analysis of Effect of Supreme Court's Cotton Dust Decision on Executive Order 12291 and S. 1080 
830 0 |a U.S. Congressional Research. 
856 4 0 |u http://proxy.library.tamu.edu/login?url=https://congressional.proquest.com/congcomp/getdoc?CRDC-ID=CRS-1981-AML-0036  |z Connect to the full text of this electronic book  |t 0 
999 |a MARS 
999 f f |s 217d6a4a-7d7f-3f35-ae30-d33098724850  |i b8a1c312-ab37-36f6-98ff-bc4322d9018a  |t 0 
952 f f |a Texas A&M University  |b College Station  |c Electronic Resources  |s www_evans  |d Available Online  |t 0  |e CRS-1981-AML-0036  |h Other scheme 
998 f f |a CRS-1981-AML-0036  |t 0  |l Available Online